Modeling and Simulation in Industrial Engineering

This book describes the latest research developments in modeling and simulation in industrial engineering. Topics such as decision and performance analysis and industrial control systems are described. Case studies in industry and services as well as engineering economy and cost estimation are also...

Full description

Bibliographic Details
Corporate Author: SpringerLink (Online service)
Other Authors: Ram, Mangey (Editor, http://id.loc.gov/vocabulary/relators/edt), Davim, J. Paulo (Editor, http://id.loc.gov/vocabulary/relators/edt)
Format: Electronic eBook
Language:English
Published: Cham : Springer International Publishing : Imprint: Springer, 2018.
Edition:1st ed. 2018.
Series:Management and Industrial Engineering,
Subjects:
Online Access:Full Text via HEAL-Link
LEADER 02652nam a2200553 4500
001 978-3-319-60432-9
003 DE-He213
005 20191023152652.0
007 cr nn 008mamaa
008 170811s2018 gw | s |||| 0|eng d
020 |a 9783319604329  |9 978-3-319-60432-9 
024 7 |a 10.1007/978-3-319-60432-9  |2 doi 
040 |d GrThAP 
050 4 |a TA177.4-185 
072 7 |a TBC  |2 bicssc 
072 7 |a TEC000000  |2 bisacsh 
072 7 |a TBC  |2 thema 
072 7 |a KJMV  |2 thema 
082 0 4 |a 658.5  |2 23 
245 1 0 |a Modeling and Simulation in Industrial Engineering  |h [electronic resource] /  |c edited by Mangey Ram, J. Paulo Davim. 
250 |a 1st ed. 2018. 
264 1 |a Cham :  |b Springer International Publishing :  |b Imprint: Springer,  |c 2018. 
300 |a XIII, 217 p. 100 illus., 65 illus. in color.  |b online resource. 
336 |a text  |b txt  |2 rdacontent 
337 |a computer  |b c  |2 rdamedia 
338 |a online resource  |b cr  |2 rdacarrier 
347 |a text file  |b PDF  |2 rda 
490 1 |a Management and Industrial Engineering,  |x 2365-0532 
520 |a This book describes the latest research developments in modeling and simulation in industrial engineering. Topics such as decision and performance analysis and industrial control systems are described. Case studies in industry and services as well as engineering economy and cost estimation are also covered. 
650 0 |a Engineering economics. 
650 0 |a Engineering economy. 
650 0 |a Manufactures. 
650 0 |a Computer simulation. 
650 0 |a Production management. 
650 1 4 |a Engineering Economics, Organization, Logistics, Marketing.  |0 http://scigraph.springernature.com/things/product-market-codes/T22016 
650 2 4 |a Manufacturing, Machines, Tools, Processes.  |0 http://scigraph.springernature.com/things/product-market-codes/T22050 
650 2 4 |a Simulation and Modeling.  |0 http://scigraph.springernature.com/things/product-market-codes/I19000 
650 2 4 |a Operations Management.  |0 http://scigraph.springernature.com/things/product-market-codes/519000 
700 1 |a Ram, Mangey.  |e editor.  |4 edt  |4 http://id.loc.gov/vocabulary/relators/edt 
700 1 |a Davim, J. Paulo.  |e editor.  |4 edt  |4 http://id.loc.gov/vocabulary/relators/edt 
710 2 |a SpringerLink (Online service) 
773 0 |t Springer eBooks 
776 0 8 |i Printed edition:  |z 9783319604312 
776 0 8 |i Printed edition:  |z 9783319604336 
776 0 8 |i Printed edition:  |z 9783319868639 
830 0 |a Management and Industrial Engineering,  |x 2365-0532 
856 4 0 |u https://doi.org/10.1007/978-3-319-60432-9  |z Full Text via HEAL-Link 
912 |a ZDB-2-ENG 
950 |a Engineering (Springer-11647)